Statistics for Countries Unconquered since 1850

Click here to take the quiz!

General Stats

  • This quiz has been taken 41,977 times
    (28,583 since last reset)
  • The average score is 15 of 26

Answer Stats

Since Country % Correct
1066United Kingdom
97%
1781United States
95%
1480Russia
84%
1822Brazil
82%
1814Spain
81%
1808Portugal
76%
1816Argentina
76%
1523Sweden
73%
1818Chile
71%
1819Colombia
69%
1839Peru
67%
1815Switzerland
66%
1830Venezuela
65%
1828Uruguay
65%
1825Bolivia
63%
1830Ecuador
57%
1243Turkey
55%
1838Costa Rica
37%
1813Andorra
36%
1838Guatemala
36%
1815Liechtenstein
34%
1243San Marino
34%
1768Nepal
26%
1634Bhutan
22%
1847Liberia
21%
1743Oman
16%

Score Distribution

Percentile by Number Answered

Percent of People with Each Score

Your Score History

You have not taken this quiz since the last reset